000
00205 a2200097 4500
001
41307
100
_a
Gregory, C
245
_a
The Helicopter
260
_a
london
_b
George allen
_c
090
_c
25491
_d
25491
942
_a
NUST-CAE
_c
M
_c
17215
999
_c
276380
_d
276380